000 00641amm a2200229 4500
008 070831s2006 cat
041 _acat
100 _975221
_aGraell Gabriel, Joan Ramon
245 _aProto-diccionari català de circ
_h[en línia]
_cJoan Ramon Graell Gabriel
260 _a[S.l.]
_bBlogspot
_c2006
520 _aaprox. 150
546 _acatalà
591 _aPROTOCIRC-E
592 _aObra terminològica
593 _aUQ
650 0 _acirc
_963027
856 _uhttp://dicdecirc.blogspot.com/
901 _c<2006>
902 _a070831
942 _cMO
_2ddc
_n0
999 _c68288
_d68288